LIBRARY & INFORMATION CENTRE, KCAET, TAVANUR

ONLINE PUBLIC ACCESS CATALOGUE (OPAC)

Magnetism of electricity for beginners / (Record no. 1838)

MARC details
000 -LEADER
fixed length control field 00390cam a2200157ua 4500
003 - CONTROL NUMBER IDENTIFIER
control field OSt
008 - FIXED-LENGTH DATA ELEMENTS--GENERAL INFORMATION
fixed length control field 241227b |||||||| |||| 00| 0 eng d
041 ## - LANGUAGE CODE
Language code of text/sound track or separate title eng
082 ## - DEWEY DECIMAL CLASSIFICATION NUMBER
Classification number 537
Item number HAD/MA
100 ## - MAIN ENTRY--AUTHOR NAME
Personal name Hadley, H.E .
245 ## - TITLE STATEMENT
Title Magnetism of electricity for beginners /
250 ## - EDITION STATEMENT
Edition statement 1 /
260 ## - PUBLICATION, DISTRIBUTION, ETC. (IMPRINT)
Place of publication :
Name of publisher MacMillan and Company Limited ,
Year of publication 1945.
300 ## - PHYSICAL DESCRIPTION
Number of Pages 378 ; .
942 ## - ADDED ENTRY ELEMENTS (KOHA)
Koha item type Books
Holdings
Withdrawn status Lost status Damaged status Home library Current library Date acquired Full call number Accession Number Koha item type
      KAUAET KAUAET 07/04/2012 537 HAD/MA 3173 Books
free website counter